जो फ्रेम में न थे / (Record no. 37948)

MARC details
000 -LEADER
fixed length control field 01039nam a22002297a 4500
005 - DATE AND TIME OF LATEST TRANSACTION
control field 2010072705525.0
010 ## - LCCN (DPL NO)
LC control number HIN-89849
020 ## - INTERNATIONAL STANDARD BOOK NUMBER
International Standard Book Number 8188858838
Terms of availability 150.00
035 ## - SYSTEM CONTROL NUMBER
System control number HN-62195
037 ## - SOURCE OF ACQUISITION
Source of stock number/acquisition DBAD / PUB
082 ## - DEWEY DECIMAL CLASSIFICATION NUMBER
Classification number
100 ## - MAIN ENTRY--PERSONAL NAME
Personal name भारद्वाज, आशुतोष
245 ## - TITLE STATEMENT
Title जो फ्रेम में न थे /
Statement of responsibility, etc आशुतोष भारद्वाज
246 ## - VARYING FORM OF TITLE
Title proper/short title Jo frem mein na the
Remainder of title by Ashutosh Bhardwaj
260 ## - PUBLICATION, DISTRIBUTION, ETC. (IMPRINT)
Place of publication, distribution, etc बीकानेर
Name of publisher, distributor, etc सूर्य प्रकाशन मन्दिर
Date of publication, distribution, etc 2010
270 ## - ADDRESS
Address नेहरू मार्ग (दाऊजी रोड)
City बीकानेर
300 ## - PHYSICAL DESCRIPTION
Extent 112पृ.
Dimensions 22सेमी (सजिल्द)
650 ## - SUBJECT ADDED ENTRY--TOPICAL TERM
Topical term following geographic name as entry element लघु कथाएँ, हिन्दी
650 ## - SUBJECT ADDED ENTRY--TOPICAL TERM
Topical term following geographic name as entry element Short Stories
942 ## - ADDED ENTRY ELEMENTS (KOHA)
Source of classification or shelving scheme Dewey Decimal Classification
Item type Hindi Books
Classification part
Call number suffix भारद्वा
Holdings
Withdrawn status Lost status Not for loan Collection code Home library Current library Date acquired Source of acquisition Cost, normal purchase price Full call number Barcode Copy number Cost, replacement price Koha item type
    Not For Loan Fiction D.B.Act.Division D.B.Act.Division 27/07/2010 DBAD / PUB 150.00 क भारद्वा HN-62195 1 150.00 Hindi Books

© Delhi Public Library
Hit Counter
free hit counter